新宿から2駅停車で行ける駅 - Statistics

General Stats
  • This quiz has been taken 30 times
  • The average score is 76 of 138
Answer Stats
駅名 % Correct
恵比寿
93%
東中野
93%
大崎
89%
御茶ノ水
89%
高田馬場
89%
八王子
89%
原宿
89%
神田
85%
下北沢
85%
新宿
85%
赤羽
81%
板橋
81%
大宮
81%
荻窪
81%
品川
81%
新橋
81%
三鷹
81%
雑司が谷
78%
東京
78%
上野
74%
北池袋
74%
国立
74%
参宮橋
74%
渋谷
74%
新宿三丁目
74%
明治神宮前
74%
有楽町
74%
横浜
74%
表参道
70%
要町
70%
高円寺
70%
新宿御苑前
70%
千駄ケ谷
70%
東池袋
70%
明大前
70%
曙橋
67%
池尻大橋
67%
国立競技場
67%
相模大野
67%
三軒茶屋
67%
新宿西口
67%
代官山
67%
代田橋
67%
千葉
67%
所沢
67%
西新宿五丁目
67%
練馬
67%
幡ケ谷
67%
和光市
67%
飯田橋
63%
大手町
63%
落合
63%
椎名町
63%
石神井公園
63%
神泉
63%
中目黒
63%
成増
63%
八丁堀
63%
町田
63%
海老名
59%
大塚
59%
信濃町
59%
新横浜
59%
日野
59%
目白
59%
四谷三丁目
59%
赤坂見附
56%
浦和
56%
銀座
56%
代々木公園
56%
海浜幕張
52%
北参道
52%
小竹向原
52%
自由が丘
52%
新日本橋
52%
永田町
52%
箱根湯本
52%
浜松町
52%
府中
52%
本厚木
52%
代々木八幡
52%
空港第2ビル
52%
朝霞台
48%
大船
48%
九段下
48%
国分寺
48%
登戸
48%
秦野
48%
四ツ谷
48%
熱海
44%
永福町
44%
新大塚
44%
神保町
44%
蘇我
44%
千歳烏山
44%
馬喰町
44%
平塚
44%
分倍河原
44%
伊勢原
41%
上板橋
41%
鴨宮
41%
下高井戸
41%
早川
41%
東北沢
41%
東松原
41%
湯河原
41%
押上
37%
国府津
37%
静岡
37%
名古屋
37%
西国立
37%
ふじみ野
37%
船橋
37%
柿生
33%
京王永山
33%
茅ケ崎
33%
豊橋
33%
両国
33%
足柄
30%
開成
30%
亀戸
30%
相模原
30%
五月台
30%
新小岩
30%
住吉
30%
高尾山口
30%
玉川学園前
30%
成瀬
30%
箱根板橋
30%
緑町
30%
栗平
26%
麹町
26%
桜上水
26%
成城学園前
26%
長津田
26%
向ケ丘遊園
26%
古淵
22%
百合ケ丘
19%
No matching quizzes found
Score Distribution
Percent of People with Each Score
Percentile by Number Answered
Your Score History
You have not taken this quiz